000 00903nam0a22002771 4500
001 v19\rc\1909560
005 20251118180551.8
035 _a(NLR Aleph) 004998348
090 _a6359747
_c6359747
100 _a20080404d1911 u y0rusy50 ca
101 0 _arus
102 _aRU
105 _ay z |||||
200 1 _aАрифметика в кратком изложении
_eС приб. статей, требуемых на выпуск. экзамене в сред. учеб. заведениях
_fК. Светлов
210 _aМогилев губ.
_cА.Я. Сыркин
_d1911
215 _a[4], 86 с.
_d22
700 1 _aСветлов
_bК.
801 0 _aRU
_bNLR
_gpsbo
801 0 _aRU
_bRuMoRGB
_2psbo
801 1 _aRU
_bProSoft-M
_2rusmarc
852 _aNLR
_j20.94.8.127
899 _aRuMoRGB
_jT 38/7
899 _aRuMoRGB
_j801-88/6275-3
899 _aБАН
942 _cBOOK
980 _aNB